000 00840nam a2200289 i 4500
001 C2-0237934
003 PPAK
005 20180727201247.0
008 020204s2000 ir |||| ||||| | eng d
020 _a1871031079
040 _aPPAK
_beng
_cPPAK
_erda
082 0 4 _a297.211
_223
090 0 0 _a297.211
_bMUS
_dR
100 1 _aMusavi Lari, Mujtaba,
_eauthor
245 1 0 _aGod and his attributes :
_blessons on Islamic doctrine,
250 _a7th ed.
264 1 _aIran :
_bFoundation of Islamic C.P.W. ,
_c2000
300 _a206 pages ;
_c22 cm
336 _2rdacontent
_atext
337 _2rdamedia
_aunmediated
338 _2rdacarrier
_avolume
490 1 _aLessons on Islamic doctrine ; 1
500 _aBook one
650 1 0 _aShi ah - Doctrines ; God (Islam)
830 0 _aLessons on Islamic doctrine ; 1
942 _ddc
_cB
999 _c53460
_d53460